[Event "Titled Tuesday intern op 17th Sep Early"]
[Site "Chess,com INT"]
[Date "2024.09.17"]
[Round "6"]
[White "Valle Luis, Leo"]
[Black "Brodsky, David"]
[Result "1-0"]
[WhiteElo "2266"]
[BlackElo "2534"]
[PlyCount "205"]
[EventDate "2024.09.17"]
[EventType "swiss (blitz)"]
[EventRounds "11"]
[EventCountry "USA"]
[SourceTitle "EXT 2025"]
[Source "ChessBase"]
[SourceDate "2024.10.14"]
[SourceVersion "1"]
[SourceVersionDate "2024.10.14"]
[SourceQuality "1"]

1. e4 e5 2. Nf3 Nc6 3. Bb5 a6 4. Ba4 Nf6 5. 0-0 Be7 6. Re1 b5 7. Bb3 0-0 8. c3 d5 9. exd5 Nxd5 10. Nxe5 Nxe5 11. Rxe5 c6 12. d4 Bd6 13. Re1 Qh4 14. g3 Qh3 15. Qf3 Bg4 16. Qg2 Qh5 17. Be3 Rae8 18. Nd2 Re6 19. f3 Rxe3 20. fxg4 Qg5 21. Nf1 Ree8 22. Qf3 a5 23. a3 a4 24. Ba2 g6 25. Bxd5 cxd5 26. Ne3 Re6 27. Nxd5 Rfe8 28. Nf6+ Rxf6 29. Rxe8+ Kg7 30. Qe2 h5 31. gxh5 gxh5 32. Rf1 Rxf1+ 33. Kxf1 h4 34. Re4 Qc1+ 35. Kg2 hxg3 36. hxg3 Qb1 37. Qg4+ Kf8 38. Re2 Qd3 39. Qf3 Qb1 40. Qc6 Qg6 41. Qf3 Qb1 42. Rf2 Qg6 43. g4 Kg8 44. Qf5 Qg7 45. Re2 Qh6 46. Re8+ Kg7 47. Kf3 Qh1+ 48. Kf2 Qh2+ 49. Ke3 Qg1+ 50. Kd3 Qd1+ 51. Ke4 Qe1+ 52. Kd5 Qxe8 53. Kxd6 Qd8+ 54. Kc5 Qc7+ 55. Kxb5 Qb8+ 56. Kxa4 Qxb2 57. Qe5+ Kg6 58. d5 Qc2+ 59. Kb4 Qb2+ 60. Kc4 Qa2+ 61. Kd4 Qd2+ 62. Kc5 Qb2 63. Kc6 Qxa3 64. Qf5+ Kg7 65. Qe5+ Kg8 66. c4 Qa6+ 67. Kc5 Qa7+ 68. Kb4 Qb6+ 69. Kc3 Qa5+ 70. Kd3 Qa3+ 71. Qc3 Qd6 72. Ke4 Qg6+ 73. Kf3 Qd6 74. Qe3 Qh2 75. Qg5+ Kf8 76. Qd8+ Kg7 77. Qg5+ Kf8 78. Qf4 Qh3+ 79. Ke4 Qg2+ 80. Kd4 Qg1+ 81. Ke5 Qb6 82. Ke4 Qb1+ 83. Kf3 Qf1+ 84. Ke3 Qe1+ 85. Kd4 Qd1+ 86. Kc5 Qa4 87. Qd6+ Kg7 88. Qe5+ Kf8 89. Qh8+ Ke7 90. d6+ Kd7 91. Qe5 Qc6+ 92. Kd4 Qb6+ 93. Ke4 Qb1+ 94. Kf4 Qc1+ 95. Kf5 Qc2+ 96. Kg5 Qc1+ 97. Kf6 Qh6+ 98. Kxf7 Qh7+ 99. Kf6 Qh8+ 100. Kf5 Qf8+ 101. Ke4 Qf1 102. Qe7+ Kc6 103. Qc7# 1-0

[Event "Titled Tuesday intern op 17th Sep Early"]
[Site "Chess,com INT"]
[Date "2024.09.17"]
[Round "8"]
[White "Yildiz, Serdar Murat"]
[Black "Brodsky, David"]
[Result "1-0"]
[WhiteElo "2201"]
[BlackElo "2534"]
[PlyCount "163"]
[EventDate "2024.09.17"]
[EventType "swiss (blitz)"]
[EventRounds "11"]
[EventCountry "USA"]
[SourceTitle "EXT 2025"]
[Source "ChessBase"]
[SourceDate "2024.10.14"]
[SourceVersion "1"]
[SourceVersionDate "2024.10.14"]
[SourceQuality "1"]

1. e4 e5 2. Nf3 Nc6 3. Bc4 Nf6 4. Ng5 d5 5. exd5 Na5 6. Bb5+ c6 7. dxc6 bxc6 8. Bd3 Nd5 9. h4 h6 10. Qh5 Qf6 11. Ne4 Qe6 12. Ng5 Qf6 13. Ne4 Qe7 14. Nbc3 Nf4 15. Qf3 f5 16. Ng3 g6 17. h5 Bb7 18. hxg6 c5 19. Nxf5 Bxf3 20. Nxe7 Nxg2+ 21. Kf1 Kxe7 22. Rh3 Bc6 23. Rg3 Bg7 24. Rxg2 Bxg2+ 25. Kxg2 Rad8 26. b3 Nc6 27. Ba3 Nb4 28. Re1 Nxd3 29. cxd3 Rxd3 30. Bxc5+ Kf6 31. a4 Kxg6 32. Bxa7 Rxd2 33. a5 Rc2 34. Ne4 Rb2 35. Re3 Kf5 36. Nd6+ Ke6 37. Nc4 Rb1 38. Bd4 Rg8 39. Kf3 Rf8+ 40. Ke2 Rf5 41. a6 Kd5 42. a7 Rf8 43. Bxe5 Bxe5 44. Rxe5+ Kc6 45. Re6+ Kb7 46. Re7+ Kc6 47. Na5+ Kb6 48. Nc4+ Kc6 49. Re6+ Kb7 50. Re7+ Ka6 51. Rh7 Rxb3 52. Nd6 Rb2+ 53. Ke3 Rb3+ 54. Kd4 Rb2 55. Ne4 Rb6 56. Nc5+ Kb5 57. Nd7 Rd8 58. a8Q Rd6+ 59. Ke5 Rxa8 60. Kxd6 Ra2 61. f4 Rd2+ 62. Ke7 Re2+ 63. Ne5 Rf2 64. Rf7 Kc5 65. f5 Kd5 66. Kf6 Ra2 67. Ng6 Ra6+ 68. Kg7 Ke4 69. f6 Kf5 70. Ne7+ Kg5 71. Ng8 h5 72. Rb7 Ra5 73. f7 Rf5 74. f8Q Rxf8 75. Kxf8 h4 76. Rb5+ Kf4 77. Rb4+ Kg3 78. Nh6 h3 79. Nf5+ Kg2 80. Rb2+ Kf3 81. Rh2 Kg4 82. Rh1 1-0

[Event "Titled Tuesday intern op 27th Aug Early"]
[Site "Chess.com INT"]
[Date "2024.08.27"]
[Round "7"]
[White "Brodsky, David"]
[Black "Shogdzhiev, Roman Sav"]
[Result "1-0"]
[WhiteElo "2519"]
[BlackElo "2124"]
[PlyCount "63"]
[EventDate "2024.08.27"]
[EventType "swiss (blitz)"]
[EventRounds "11"]
[EventCountry "USA"]
[SourceTitle "EXT 2025"]
[Source "ChessBase"]
[SourceDate "2024.10.14"]
[SourceVersion "1"]
[SourceVersionDate "2024.10.14"]
[SourceQuality "1"]

1. e4 c5 2. Nf3 d6 3. d4 cxd4 4. Nxd4 Nf6 5. Nc3 a6 6. Rg1 b5 7. a4 b4 8. Nd5 Nxd5 9. exd5 g6 10. b3 Bb7 11. Bb2 Bg7 12. Nc6 Bxb2 13. Nxd8 Bc3+ 14. Ke2 Kxd8 15. g4 Nd7 16. Rg3 Bg7 17. Rc1 Rc8 18. Bg2 h5 19. g5 a5 20. Kf1 Bc3 21. Rxc3 Rxc3 22. Qd4 Ba6+ 23. Kg1 Re8 24. Qa7 Nc5 25. Qb6+ Kd7 26. Qc6+ Kd8 27. Bf1 Bxf1 28. Kxf1 Ne4 29. Qb6+ Kd7 30. Qb5+ Kd8 31. Qxa5+ Kc8 32. Qxb4 1-0

[Event "Titled Tuesday intern op 27th Aug Early"]
[Site "Chess.com INT"]
[Date "2024.08.27"]
[Round "6"]
[White "Bruyatskaya, Marina"]
[Black "Brodsky, David"]
[Result "0-1"]
[WhiteElo "2111"]
[BlackElo "2519"]
[PlyCount "52"]
[EventDate "2024.08.27"]
[EventType "swiss (blitz)"]
[EventRounds "11"]
[EventCountry "USA"]
[SourceTitle "EXT 2025"]
[Source "ChessBase"]
[SourceDate "2024.10.14"]
[SourceVersion "1"]
[SourceVersionDate "2024.10.14"]
[SourceQuality "1"]

1. e4 a6 2. d4 c6 3. Nf3 d5 4. exd5 cxd5 5. h3 Nc6 6. Bd3 e6 7. c3 Bd6 8. 0-0 Nge7 9. Re1 Ng6 10. Nbd2 0-0 11. Nf1 Nf4 12. Bxf4 Bxf4 13. Ne5 Nxe5 14. dxe5 Qg5 15. Qe2 f6 16. exf6 Rxf6 17. Nh2 e5 18. Nf3 Qh6 19. Bc2 e4 20. Bxe4 dxe4 21. Qxe4 Bxh3 22. gxh3 Qxh3 23. Qd5+ Kh8 24. Ne5 Bh2+ 25. Kh1 Bg3+ 26. Kg1 Bxf2# 0-1

[Event "Titled Tuesday intern op 27th Aug Early"]
[Site "Chess.com INT"]
[Date "2024.08.27"]
[Round "8"]
[White "De Winter, Arthur"]
[Black "Brodsky, David"]
[Result "1/2-1/2"]
[WhiteElo "2411"]
[BlackElo "2519"]
[PlyCount "74"]
[EventDate "2024.08.27"]
[EventType "swiss (blitz)"]
[EventRounds "11"]
[EventCountry "USA"]
[SourceTitle "EXT 2025"]
[Source "ChessBase"]
[SourceDate "2024.10.14"]
[SourceVersion "1"]
[SourceVersionDate "2024.10.14"]
[SourceQuality "1"]

1. e4 c5 2. Nf3 d6 3. d4 cxd4 4. Nxd4 Nf6 5. Nc3 a6 6. h4 e5 7. Nb3 Be7 8. Be2 Be6 9. f4 Nc6 10. f5 Bxb3 11. axb3 d5 12. exd5 Nd4 13. Bg5 Nxf5 14. Qd3 Nd4 15. Bxf6 Bxf6 16. 0-0-0 Rc8 17. Bg4 Rc7 18. Kb1 0-0 19. g3 b5 20. Rh2 Be7 21. Rf2 g6 22. h5 f5 23. hxg6 fxg4 24. gxh7+ Kh8 25. Rdf1 Nf3 26. Ne4 Rd7 27. c4 bxc4 28. bxc4 Qb6 29. d6 Bxd6 30. c5 Bxc5 31. Qxd7 Bxf2 32. Rxf2 Qe3 33. Qxg4 Qe1+ 34. Ka2 Qa5+ 35. Kb1 Qe1+ 36. Ka2 Qa5+ 37. Kb1 Qe1+ 1/2-1/2